• 首页
  • 本馆介绍
  • 公告通知
  • 最新文献
  • 馆藏检索
  • 电子资源
  • 读者导购
  • 参考咨询
  • 我的图书馆
  • 登录
  • 详细信息显示
  • 放入我的书架
  • 预约/预借图书
  • 作者相关作品
  • 分类相关作品
  • 丛书相关作品
  • 出版社相关作品

书目信息

  • 表格格式
  • 工作单格式
  • 卡片格式
题名:
开关变换器建模、分析与控制
    
 
作者: 周国华 , 许建平 , 吴松荣 编著
分册:  
出版信息: 北京   科学出版社  2016.8
页数: 234页
开本: 26cm
丛书名:
单 册:
中图分类: TN624
科图分类:
主题词: 开关--变换器--建立模型 , 开关--变换器--控制系统
电子资源:
ISBN: 978-7-03-049763-5
000 01219nam0 2200289 450
001 0400002049
005 20171020082218.0
010    @a978-7-03-049763-5@dCNY59.00
100    @a20170215e2016 em y0chiy50 ea
101 0  @achi
102    @aCN@b110000
105    @ay z 000yy
106    @ar
200 1  @a开关变换器建模、分析与控制@9kai guan bian huan qi jian mo 、 fen xi yu kong zhi@f周国华,许建平,吴松荣编著
210    @a北京@c科学出版社@d2016.8
215    @a234页@d26cm
312    @a封面英文题名:Modeling, analysis and control of switching converters
330    @a本书涉及开关变换器建模、分析与控制方法的综合性理论和应用研究,具体内容包括:开关变换器的功率变换原理分析、开关变换器电路拓扑及其稳态特性、开关变换器的状态空间平均建模、开关变换器的时间平均等效电路、软开关变换器电路拓扑及其稳态特性、软开关变换器时间平均等效电路分析等。
510 1  @aModeling, analysis and control of switching converters@zeng
606 0  @a开关@x变换器@x建立模型
606 0  @a开关@x变换器@x控制系统
690    @aTN624@v5
701  0 @a周国华@9zhou guo hua@4编著
701  0 @a许建平@9xu jian ping@4编著
701  0 @a吴松荣@9wu song rong@4编著
801  0 @aCN@b91MARC@c20171020
905    @b1026236-40@dTN624@f5@e79
    
    开关变换器建模、分析与控制/周国华,许建平,吴松荣编著.-北京:科学出版社,2016.8
    234页;26cm
    
    
    ISBN 978-7-03-049763-5:CNY59.00
    本书涉及开关变换器建模、分析与控制方法的综合性理论和应用研究,具体内容包括:开关变换器的功率变换原理分析、开关变换器电路拓扑及其稳态特性、开关变换器的状态空间平均建模、开关变换器的时间平均等效电路、软开关变换器电路拓扑及其稳态特性、软开关变换器时间平均等效电路分析等。
●
相关链接 在E读中查询图书 在五车中查询图书 在当当中查询图书 在豆瓣中查询图书


正题名:开关变换器建模、分析与控制     索取号:TN624/79         预约/预借

序号 登录号 条形码 馆藏地/架位号 状态 备注
1 1026236   210262366   第二样本阅览室/ [索取号:TN624/79] 在馆    
2 1026237   210262375   密集书库-物理学院/ [索取号:TN624/79] 在馆    
3 1026238   210262384   第三借阅区/ [索取号:TN624/79] 在馆    
4 1026239   210262393   第三借阅区/ [索取号:TN624/79] 在馆    
5 1026240   210262400   第三借阅区/ [索取号:TN624/79] 在馆    
唐山师范学院图书馆 欢迎您!
大连网信软件有限公司© 版权所有